000 00337pab a2200145 454500
008 180718b2004 xxu||||| |||| 00| 0 eng d
100 _aIngle, Stephen
245 _aPolitics: the year the war was spun
260 _c2004
300 _ap.237-52.
362 _aApr
650 _aWar
773 _aParliamentary Affairs
909 _a60890
999 _c60890
_d60890